00629nam a22001937a 4500003000400000005001700004008004100021040001800062050001600080100003200096245014900128260004000277300002300317505001600340650001200356650001700368700001800385700003200403OSt20260530113914.0260507b1982 mx |||| |||| 00| 0 spa d aICIbspacICI aQ158.5bP42 aPecujlic, Miroslav, eautor13aLa transformacion del mundo /cEdicion preparada por miroslav pecujlic, anovar abdelmalek, gregory blue ; traduccion de Alejandra licona y galdi aMéxico : bSiglo XXI, c1982-9999 avolúmenesc21cm. aContenido: 4 aCiencia4 aTecnología aBlue, Gregory1 aAbdel-Malek, Anouar,d1924-